000 00297nam a22001337a 4500
008 170828b xxu||||| |||| 00| 0 eng d
020 _a9780495569879
041 _aeng
080 _26 ED
_a070
100 _a39
101 _aMED
245 _aWRITING REPORTER NEWS
_cRIC.C
942 _2udc
_cBK
999 _c25162
_d25162